header

Supporting young people coping with grief, loss and death (Record no. 13433)

MARC details
000 -LEADER
fixed length control field 01377nam a2200361Ia 4500
100 1# - MAIN ENTRY--AUTHOR NAME
Personal name Weymont, Deborah.
245 10 - TITLE STATEMENT
Title Supporting young people coping with grief, loss and death
260 ## - PUBLICATION, DISTRIBUTION, ETC. (IMPRINT)
Place of publication London ;
-- Thousand Oaks, CA :
Name of publisher Paul Chapman,
Year of publication 2006.
300 ## - PHYSICAL DESCRIPTION
Number of Pages 133 p. :
Other physical details ill.
500 ## - GENERAL NOTE
General note "A Lucky Duck book".
650 #0 - SUBJECT ADDED ENTRY--TOPICAL TERM
Topical Term Grief in adolescence.
Topical Term Loss (Psychology) in adolescence.
Topical Term Bereavement in adolescence.
Topical Term Teenagers
700 1# - ADDED ENTRY--PERSONAL NAME
Personal name Rae, Tina.
856 40 - ELECTRONIC LOCATION AND ACCESS
Uniform Resource Identifier http://site.ebrary.com/lib/rucke/Doc?id=10256885

No items available.

© 2026 Rongo University
Contact us: librarian | system librarian | Rongo university